Gaming Quiz

Random Gaming Quiz

Twilight Struggle Mid-War Cards Quiz Stats

 Plays Quiz not verified by Sporcle

Support Sporcle.
Go Orange.
Score 0/46 Timer 07:00
0 Plays Today
Card info Card name % Correct
#37Central America Scoring
97%
#38Southeast Asia Scoring
97%
#81South America Scoring
97%
#79Africa Scoring
96.4%
#50, USSR 4 Ops'We Will Bury You'
90.5%
#56, USSR 4 OpsMuslim Revolution
88.8%
#36, 3 OpsBrush War
87.6%
#72, USA 1 OpSadat Expels the Soviets
87%
#47, 2 OpsJunta
86.4%
#62, USSR 1 OpLone Gunman
86.4%
#61, USSR 3 OpsOPEC
85.8%
#64, USA 1 OpPanama Canal Returned
85.8%
#54, USSR 1 OpAllende
84%
#57, 4 OpsABM Treaty
79.9%
#45, 1 OpSummit
79.3%
#70, USA 1 OpOAS Founded
79.3%
#71, USA 2 OpsNixon Plays the China Card
79.3%
#53, USSR 2 OpsSouth African Unrest
77.5%
#59, USSR 4 OpsFlower Power
77.5%
#76, USA 3 OpsUssuri River Skirmish
77.5%
#40, 2 OpsCuban Missile Crisis
76.3%
#42, USSR 3 OpsQuagmire
76.3%
#58, USSR 3 OpsCultural Revolution
76.3%
Card info Card name % Correct
#63, USA 2 OpsColonial Rear Guards
76.3%
#44, USA 3 OpsBear Trap
75.7%
#67, USA 2 OpsGrain Sales to Soviets
75.7%
#74, USA 2 OpsThe Voice of America
75.7%
#77, USA 3 Ops'Ask Not What Your Country Can Do For You...'
75.7%
#75, USSR 2 OpsLiberation Theology
74.6%
#49, 2 OpsMissile Envy
72.8%
#80, 2 Ops'One Small Step...'
72.8%
#52, USSR 2 OpsPortuguese Empire Crumbles
71%
#43, 3 OpsSALT Negotiations
70.4%
#68, USA 2 OpsJohn Paul II Elected Pope
69.8%
#41, USA 2 OpsNuclear Subs
69.2%
#51, USSR 3 OpsBrezhnev Doctrine
68.6%
#69, 2 OpsLatin American Death Squads
68%
#66, USA 2 OpsPuppet Governments
67.5%
#65, USA 2 OpsCamp David Accords
66.3%
#46, 2 OpsHow I Learned to Stop Worrying
63.3%
#48, USA 1 OpKitchen Debates
63.3%
#78, USA 3 OpsAlliance for Progress
61.5%
#55, USSR 2 OpsWilly Brandt
60.9%
#60, USSR 3 OpsU-2 Incident
59.8%
#73, USA 3 OpsShuttle Diplomacy
56.2%
#39, 3 OpsArms Race
55%

You're not logged in!

Compare scores with friends on all Sporcle quizzes.
OR
Log In

From the Vault

Beatles Songs by Image

by I-Am-Batman

We're going to try and refrain from just showing you pictures of beetles.
Remove Ads.
Support Sporcle.
Get the best of Sporcle when you Go Orange. This ad-free experience offers more features, more stats, and more fun while also helping to support Sporcle. Thank you for becoming a member.

Show Comments

Extras

Created Dec 31, 2012ReportNominate
Tags:Twilight

Top Quizzes Today


Score Distribution

Your Account Isn't Verified!

In order to create a playlist on Sporcle, you need to verify the email address you used during registration. Go to your Sporcle Settings to finish the process.

Report this User

Report this user for behavior that violates our Community Guidelines.

Details: